PLEADINGS AND PRACTICE (Record no. 216446)
[ view plain ]
| 000 -LEADER | |
|---|---|
| fixed length control field | 00504nam a22001577a 4500 |
| 008 - FIXED-LENGTH DATA ELEMENTS--GENERAL INFORMATION | |
| fixed length control field | 260112b |||||||| |||| 00| 0 eng d |
| 020 ## - INTERNATIONAL STANDARD BOOK NUMBER | |
| International Standard Book Number | 978-93-5035-295-3 |
| 100 ## - MAIN ENTRY--PERSONAL NAME | |
| Personal name | BINDRAS, N.S. |
| 245 ## - TITLE STATEMENT | |
| Title | PLEADINGS AND PRACTICE |
| Remainder of title | WITH MORE THAN 1150 MODEL FORMS OF PLAINTS, DEFENCES, PETITIONS, WRITS, APPEALS AND MUCH MORE |
| 250 ## - EDITION STATEMENT | |
| Edition statement | 10TH ED |
| 260 ## - PUBLICATION, DISTRIBUTION, ETC. | |
| Place of publication, distribution, etc. | NEW DELHI |
| Name of publisher, distributor, etc. | UNIVERSAL LAW PUBLISHING |
| Date of publication, distribution, etc. | 2013 |
| 300 ## - PHYSICAL DESCRIPTION | |
| Extent | CXC, 962P. |
| 500 ## - GENERAL NOTE | |
| General note | PLEADINGS - INDIA |
| 942 ## - ADDED ENTRY ELEMENTS (KOHA) | |
| Source of classification or shelving scheme | Library of Congress Classification |
| Koha item type | Long Loan Book |
| Withdrawn status | Lost status | Source of classification or shelving scheme | Damaged status | Not for loan | Home library | Current library | Shelving location | Date acquired | Inventory number | Total checkouts | Full call number | Barcode | Date last seen | Copy number | Price effective from | Koha item type |
|---|---|---|---|---|---|---|---|---|---|---|---|---|---|---|---|---|
| Library of Congress Classification | Kisii University Library | Kisii University Library | On Display | 01/12/2026 | 119386 | KNS 3587.5 .B56 2013 V.1 | 000000024773 | 01/12/2026 | C.1 | 01/12/2026 | Long Loan Book |